Mautam/ (Record no. 8760)

MARC details
000 -LEADER
fixed length control field 00616cam a2200229ua 4500
005 - DATE AND TIME OF LATEST TRANSACTION
control field 20221029105446.0
008 - FIXED-LENGTH DATA ELEMENTS--GENERAL INFORMATION
fixed length control field 160818n ii |||gr||||Z||||||asm
020 ## - INTERNATIONAL STANDARD BOOK NUMBER
International Standard Book Number 9789382624141
040 ## - CATALOGING SOURCE
Transcribing agency MAIN
Original cataloging agency IN-DiNC
041 ## - LANGUAGE CODE
Language code of sung or spoken text Assamese
082 ## - DEWEY DECIMAL CLASSIFICATION NUMBER
Classification number 303.625
Item number TAL
100 ## - MAIN ENTRY--PERSONAL NAME
Personal name Talukdar, Mrinal.
Relator term Author
245 ## - TITLE STATEMENT
Title Mautam/
Statement of responsibility, etc. by Mrinal Talukdar
250 ## - EDITION STATEMENT
Edition statement 3rd ed.
260 ## - PUBLICATION, DISTRIBUTION, ETC.
Place of publication, distribution, etc. Guwahati:
Name of publisher, distributor, etc. Nanda Talukdar foundation,
Date of publication, distribution, etc. 2012.
300 ## - PHYSICAL DESCRIPTION
Extent 309p.
650 ## - SUBJECT ADDED ENTRY--TOPICAL TERM
Topical term or geographic name entry element Terrorism in North East India
650 ## - SUBJECT ADDED ENTRY--TOPICAL TERM
Topical term or geographic name entry element Naga Accord
942 ## - ADDED ENTRY ELEMENTS (KOHA)
Koha item type Books
Source of classification or shelving scheme Dewey Decimal Classification
653 ## - INDEX TERM--UNCONTROLLED
Uncontrolled term South Asia India
653 ## - INDEX TERM--UNCONTROLLED
Uncontrolled term History of terrorism in Northeast
Holdings
Withdrawn status Lost status Source of classification or shelving scheme Damaged status Not for loan Collection code Home library Current library Shelving location Date acquired Full call number Barcode Date last seen Copy number Price effective from Koha item type Cost, normal purchase price Total Checkouts Date last checked out
    Dewey Decimal Classification     Sociology Central Library, Naharkatiya College Central Library, Naharkatiya College General Stacks 19/09/2020 303.625 TAL 21837 19/09/2020 1 19/09/2020 Books      
    Dewey Decimal Classification     Sociology Central Library, Naharkatiya College Central Library, Naharkatiya College General Stacks 29/10/2022 303.625 TAL 25936 01/02/2023 2 29/10/2022 Books 300.00 2 19/01/2023

Naharkatiya College © 2020. All rights reserved.

Powered By